The mystery of suffering in the life of righteous / (Record no. 18078)

MARC details
000 -LEADER
fixed length control field 00681nam a2200205Ia 4500
008 - FIXED-LENGTH DATA ELEMENTS--GENERAL INFORMATION
fixed length control field 210303s9999 xx 000 0 und d
016 ## - NATIONAL BIBLIOGRAPHIC AGENCY CONTROL NUMBER
Source retro2022
020 ## - INTERNATIONAL STANDARD BOOK NUMBER
ISBN 9783491180
040 ## - CATALOGING SOURCE
Original cataloging agency NLN
Language of cataloging English
Description conventions AACR2
100 ## - MAIN ENTRY--AUTHOR
Author OYEMONI, Abosede O.
Relator term aut
245 #4 - TITLE STATEMENT
Title The mystery of suffering in the life of righteous /
Statement of responsibility, etc Abosede O. Oyemoni
260 ## - PUBLICATION, DISTRIBUTION, ETC. (IMPRINT)
Place of publication Ipaja, Lagos State (1, Ogooluwa Street Egbeda, P. O. Box 1657):
Name of publisher Praise Publishers,
Date of publication 2002.
300 ## - COLLATION
Pagination 69p.;
Other physical details 20cm.
563 ## - BINDING INFORMATION
Binding note (pbk)
650 ## - TRACINGS
Main Subject Suffering
Subdivision (1st) Religious aspects
Subdivision (2nd) Christianity
650 ## - TRACINGS
Main Subject Life
Subdivision (1st) Biblical teaching
942 ## - ADDED ENTRY ELEMENTS (KOHA)
Item type Books
050 ## - LIBRARY OF CONGRESS CALL NUMBER
Classification number BV4909
Item number .O98
082 ## - DEWEY DECIMAL CLASSIFICATION NUMBER
Classification number 248.86
Holdings
Source of classification or shelving scheme Not for loan Home library Current library Date acquired Full call number Barcode. Koha item type
Library of Congress Classification   LAGOS BRANCH National Library of Nigeria 04/03/2021 BV4909 .O98 2024-555555550996907 Books

National Library of Nigeria OPAC is powered by Koha